000 00575nam a2200193 a 4500
005 20140310183455.0
008 090806s19uu xx 00 eng d
020 _a023000234
050 _aHD 69.P75
_b.W553 2006
100 _aWilliams, David
245 _aEnterprise programme management :
_bdelivering value. /
_cDavid Williams
260 _aLondon :
_bPalgrave Macmillan,
_c2006.
300 _a303 p. :
_bill. ;
_c24 cm.
521 _aBSBA
650 _aProject management.
650 _aOrganizational change
_xManagement.
942 _cBK
_2lcc
_kFOR
999 _c23572
_d23572